Pokémon - Les attaques de Golemastoc - Statistiques

Statistiques générales
  • Ce quiz a été pris 18 fois
  • Le résultat moyen est 10 sur 18
Statistiques - réponses
Niveaux Types Noms des attaques % Correct
Niveau 58 Sol Séisme
100%
Niveau 36 Spectre Ball'Ombre
85%
Niveau 12 Spectre Poing Ombre
85%
Niveau 16 Spectre Malédiction
77%
Niveau 28 Acier Mur de Fer
77%
Départ Sol Coud'Boue
69%
Niveau 40 Acier Tacle Lourd
62%
Départ Combat Mitra-Poing
54%
Niveau 24 Sol Trépignement
54%
Départ Normal Boul'Armure
46%
Niveau 64 Combat Dynamo-Poing
46%
Départ Spectre Étonnement
46%
Niveau 52 Combat Marto-Poing
46%
Niveau 20 Spectre Ombre Nocturne
38%
Départ Sol Cavalerie Lourde
31%
Départ Normal Écras'Face
31%
Niveau 32 Normal Ultimapoing
31%
Niveau 46 Spectre Hantise
23%
Aucun quiz correspondant
Distribution des résultats
% des personnes avec chaque résultat
Percentile par nombre de réponses
Votre historique - résultats
Vous n’avez pas pris ce quiz